| 000 | 004320000a22001690004500 | ||
|---|---|---|---|
| 003 | MACL | ||
| 005 | 20151227142920.0 | ||
| 008 | 151227b xxu||||| |||| 00| 0 eng d | ||
| 040 |
_aMACL _cMACL |
||
| 041 | _aEnglish | ||
| 082 | _a050/MAN | ||
| 100 |
_aManorama, _923294 |
||
| 245 | _aTwentythird Year book 1988 of Publication | ||
| 260 |
_bMalayala Maorama _c1988 |
||
| 650 |
_aSerial Publication _9330 |
||
| 942 |
_cBK _k050/Man _2ddc |
||
| 999 |
_c33965 _d33965 |
||